Statistiques concernant Comédies romantiques de A à Z

Cliquez ici pour prendre le quiz!

Statistiques générales

  • Ce quiz a été pris 194 fois
  • Le résultat moyen est 9 sur 26

Statistiques - réponses

IndiceFilm% Correct
Lors d'un voyage sur un paquebot, un jeune homme pauvre rencontre une jeune bourgeoise avant de mourir car il n'y avait pas assez de place sur la planche (film américain de 1998)Titanic
75%
Un été, une jeune fille riche rencontre un un professeur de danse lorsqu'elle participe à une troupe de danse (film américain de 1987)
Dirty Dancing
74%
Un briseur de couples professionnel rencontre une riche héritière (film français de 2010)
L'Arnacœur
66%
Un homme d'affaires désabusé quitte une soirée mondaine ennuyante et fait la connaissance d'une prostituée (film américain de 1990)Pretty Woman
65%
Une adolescente vit ses premières émotions amoureuses tandis que ses parents se perdent en quiproquos amoureux (film français de 1980)
La Boum
64%
Le propriétaire d'une librairie indépendante rencontre une célèbre actrice d'Hollywood (film britannique de 1999)
Coup de foudre à Notting Hill
59%
Deux amis jouent depuis leur plus jeune âge à Cap ou pas cap, ce qui les amène à bafouer les tabous, défier tous les interdits, rire, se faire mal et tomber amoureux (film français de 2003)Jeux d'Enfants
58%
A Montmartre, une jeune serveuse passe son temps à observer les gens et à laisser son imagination divaguer (film français de 2001)
Le Fabuleux Destin d'Amélie Poulain
57%
La veille de Noël, le film suit les histoires d'amours de diverses personnes : le nouveau Premier ministre britannique, un écrivain au coeur brisé, un témoin de mariage, un veuf, une femme amoureuse de son collègue (film américain de 2003)Love Actually
57%
Une jeune fille et un chef de bande se rencontrent sur une plage pendant leurs vacances avant de se retrouver de façon inattendue à l'école (film américain de 1978)
Grease
53%
Après une rupture douloureuse avec leurs conjoints respectifs, deux femmes échangent leurs maisons et tombent chacune amoureuses d'un résident (film américain de 2006)The Holiday
46%
Une princesse qui a le don de communiquer avec les animaux est chassée de son monde et se retrouve à Manhattan et rencontre un père célibataire (film américain de 2007)Il Etait une Fois
42%
A la fin du 18e siècle, un couple de bourgeois souhaitent marier l'une de leurs cinq filles au jeune homme fortuné qui vient de s'installer dans le manoir voisin (film américain de 2005)Orgueil et Préjugé
29%
Un jeune poète qui rêve d'écrire une grande pièce, s'installe dans le quartier de Montmartre et découvre un univers où se mêlent sexe, drogue et french cancan (film américain de 2001)Moulin Rouge
28%
Au Wyoming, deux hommes sont engagés pour garder un troupeau de moutons, et leur complicité se transforme en une attirance irrésistible (film américain de 2006)Le Secret de Brokeback Mountain
24%
Un ouvrier d'usine et une fille riche tombent amoureux mais ses parents n'approuvent pas cette relation, avant que le jeune homme part servir pendant la Seconde Guerre mondiale (film américain de 2004)N'oublie Jamais
24%
Un jeune homme tente en vain de séduire une jeune femme alors qu'ils voyages sur la côte est, puis ils se recroient cinq ans plus tard dans un avion , et encore cinq ans plus tard (film américain de 1989)
Quand Harry rencontre Sally...
15%
Une princesse soumise à un étouffant protocole fait la rencontre à Rome d'un journaliste qui la reçoit chez lui sans connaître son statut (film américain de 1953)Vacances romaines
12%
Un adolescent a une liaison avec une femme mystérieuse plus âgée qui veut toujours qu'il lui lise des livres, et qui, un jour, disparaît brutalement (film américain de 2009)The Reader
10%
Deux jeunes passent la nuit ensemble après leur soirée de fin d'étude et décident de rester amis, et pendant 20 ans, ils vont s'adorer, se séparer, se détester et se manquer (film américain de 2011)Un Jour
6%
Une jeune bourgeoise s'émancipe et vit de ménages avant de rencontrer un voisin d'immeuble aristocrate bègue (film français de 2007)
Ensemble, C'est Tout
5%
Après une épidémie, quelques rescapés humains tentent de survivre tandis qu'un zombie, conscient de sa condition de mort-vivant, sauve une humaine (film américain de 2013)Warm Bodies
3%
Un jeune étudiant californien fantasme sur son colocataire, un beau surfeur, mais entretient une relation purement sexuelle avec une jeune fille (film américain de 2010)Kaboom
1%
Le dirigeant d'une entreprise familiale de fabrication de jouets en bois apprend qu'elle a été racheté par une entrepreneuse qui voudra bien le laisser à la tête de la fabrique de jouets s'il lui fait un enfant (film français de 1996)XY, Drôle de Conception
1%
Une auteure de fictions pour ados revient dans sa petite ville natale afin de raviver une romance avec son ex-petit ami, aujourd'hui marié et père de famille (film italien de 2006)Young Adult
1%
Une employée d'un zoo qui vit toujours chez sa mère découvre un jour qu'une queue pousse dans le bas de son dos (film russe de 2016)Zoologie
1%

Distribution des résultats

Percentile par nombre de réponses

% des personnes avec chaque résultat

Votre développement - résultats

Vous n’avez pas pris ce quiz